| 000 | 00953nam a22002177a 4500 | ||
|---|---|---|---|
| 005 | 20260209144112.0 | ||
| 008 | 250310b |||||||| |||| 00| 0 eng d | ||
| 020 | _a978-93-91524-05-0 (hbk) | ||
| 037 | _cTB | ||
| 040 |
_aCRL _cCRL |
||
| 041 |
_2hin _ahin |
||
| 084 |
_aO152:g R4 _qCRL |
||
| 100 |
_aशर्मा, कृष्णदत्त _91114599 |
||
| 245 | _aआलोचना की भूमिका | ||
| 260 |
_aनई दिल्ली, भारत: _bअनामिका पब्लिशर्स, _c2024 |
||
| 300 | _a690 पृ0 | ||
| 365 |
_b1495.00 _cINR |
||
| 650 |
_aहिन्दी साहित्य _91114600 |
||
| 942 |
_2CC _cTB _hO152:g R4 _n0 |
||
| 999 |
_c1238441 _d1238441 |
||